Direcció General d'Assistència Social : oficines, serveis, institucions oficines, serveis, institucions
MARC
| LEADER | 00000nam a2200000Ia 4500 | ||
|---|---|---|---|
| 001 | 12794 | ||
| 008 | 160829s1938 xx 000 0 cat d | ||
| 080 | |a RF-11-22 | ||
| 110 | 1 | |a Catalunya. |b Direcció General d'Assistència Social |9 55596 | |
| 245 | |a Direcció General d'Assistència Social : |b oficines, serveis, institucions | ||
| 260 | |a Barcelona : |b Generalitat de Catalunya, Departament de Governació i Assistència Social, Direcció General d'Assistència Social, |c 1938 | ||
| 300 | |a [6] p. ; |c 32 cm | ||
| 590 | |a Prové de R-353, exp. 6. | ||
| 610 | 1 | 0 | |a Catalunya. |b Direcció General d'Assistència Social |9 55596 |
| 610 | 1 | 0 | |a Catalunya. |b Direcció General d'Assistència Social |v Directoris |9 55597 |
| 856 | 4 | |u https://media.diba.cat/diba/fitxers/arxiu/fulletons/bib_12794_1938_baixa.pdf |y Accés lliure | |
| 856 | 4 | |u https://media.diba.cat/diba/fitxers/arxiu/fulletons/bib_12794_1938_baixa.pdf |y Accés lliure | |
| 900 | |a bib_12794_1938_baixa.pdf | ||
| 901 | |a Arxiu | ||
| 942 | |n 1 |2 udc | ||
| 952 | |0 0 |1 0 |4 0 |6 RF1122 |7 1 |9 53500 |a Arxiu |b Arxiu |d 2016-12-01 |l 0 |o RF-11-22 |p 12794 |r 2016-12-01 00:00:00 |w 2016-12-01 |y ARXIU | ||
| 999 | |c 57366 |d 57366 | ||